Parole Spagnole usate in italiano - Statistics

Statistiche generali
  • Questo quiz è stato fatto 1.850 volte
  • Il punteggio medio è 10 su 20
Statistiche sulle risposte
Definizioni Parole % Corretto
Piatto a base di riso, zafferano, verdure, frutti di mare, ecc. Paella
87%
Periodo di riposo pomeridiano Siesta
84%
Party, festival Fiesta
81%
Cappello a tesa larga Sombrero
78%
Duella nell'arena con un bovino inferocito Torero
70%
Strumenti a percussione che contengono semi secchi o sassolini Maracas
66%
Maschile, in modo esagerato Macho
63%
Colpo di stato mediante l'uso di forze armate Golpe
54%
Peperoncino verde piccante Jalapeño
54%
Tipici stuzzichini spagnoli Tapas
54%
Persona scomparsa Desaparecido
52%
Liquore che deriva dalla distillazione dell'agave Tequila
49%
Colui che ha il compito di uccidere l'animale nella corrida Matador
47%
Tipico musicista messicano Mariachi
36%
Specialità culinaria argentina a base di carne alla griglia Asado
32%
Punteggio molto largo ottenuto in una partita da una squadra di calcio Goleada
26%
Cowboy dell'Argentina e della Pampa Gaucho
22%
Catena montuosa dalle creste molto frastagliate Sierra
15%
Consiglio di governo di una dittatura militare Junta
11%
Altopiano circondato da scogliere Mesa
10%
Nessun quiz corrispondente trovato
Distribuzione punteggi
Percentuale di utenti per punteggio
Percentile per numero di risposta
I tuoi punteggi nel tempo
Non hai fatto questo quiz